00782nam a2200193 a 450000100100000000500170001000800410002702000150006804000250008308200180010810000370012624501080016326000550027130000280032650000570035470000440041195201160045599900170057100004267920201002040324.0140204s2001 sp a 000 0 spa d a8403092423 aDO-SdBNPbspacBNPHU axxxxxxbxxxxx1 aBastenier, Miguel Ángel96997610aEl Blanco Móvil :bcurso de periodismo /cMiguel Ángel Bastenier ; prólogo Joaquín Estefanía. aMadrid, :bSantillanabEdiciones el país,c2001. a260 p. :bil. ;c24 cm. aIncluye datos biográficos del autor en las solapas1 aEstefanía, Joaquín,epról.947332 001050718MOaGRbGRcHDd2014-02-04iLF1l0oxxxxxx xxxxxp42679-10r2020-06-25w2020-06-25y1ZNo se presta c42168d42168